000 00300nam a22001457a 4500
003 SGT
082 _a616
_bR08D
100 _aDHAYANI, SHIVACHARAN
245 _aROGA VINISCHAYA
250 _a3RD
260 _aDELHI
_bCHAUKHAMBHA PUB
_c2008
300 _a201
650 _aAYURVEDA
942 _2ddc
_cBK
999 _c11366
_d11366